The Home Energy Efficiency Scheme (England) (Amendment) Regulations 2012 (Record no. 114596)

MARC details
000 -LEADER
fixed length control field 01336cad a22002295a 4500
001 - CONTROL NUMBER
control field L157099
008 - FIXED-LENGTH DATA ELEMENTS--GENERAL INFORMATION
fixed length control field 120829s2012 xxk f 000 0 eng d
035 ## - SYSTEM CONTROL NUMBER
System control number (Sirsi) u157099
041 0# - LANGUAGE CODE
Language code of text/sound track or separate title eng
110 2# - MAIN ENTRY--CORPORATE NAME
Corporate name or jurisdiction name as entry element United Kingdom
Form subheading Laws, etc
9 (RLIN) 5044
245 04 - TITLE STATEMENT
Title The Home Energy Efficiency Scheme (England) (Amendment) Regulations 2012
Medium [electronic resource]
260 ## - PUBLICATION, DISTRIBUTION, ETC.
Date of publication, distribution, etc. 2012
490 #0 - SERIES STATEMENT
Series statement Statutory Instrument
Volume/sequential designation 2012: 2140
520 ## - SUMMARY, ETC.
Summary, etc. These Regulations amend the Home Energy Efficiency Scheme (England) Regulations 2005 (S.I. 2005/1539). They will broaden the eligability criteria for the Warm Front Scheme which provides heating and insulation improvements to households on certain income related benefits living in properties that are poorly insulated and allow people living in mobile homes to be assisted under the scheme and will enable the closure of the scheme to new applicants later in 2012.
590 ## - LOCAL NOTE (RLIN)
Local note KA
651 #4 - SUBJECT ADDED ENTRY--GEOGRAPHIC NAME
Geographic name England
690 ## - LOCAL SUBJECT ADDED ENTRY--TOPICAL TERM (OCLC, RLIN)
Topical term or geographic name as entry element Energy
9 (RLIN) 6237
690 ## - LOCAL SUBJECT ADDED ENTRY--TOPICAL TERM (OCLC, RLIN)
Topical term or geographic name as entry element Sustainability
9 (RLIN) 6271
856 40 - ELECTRONIC LOCATION AND ACCESS
Uniform Resource Identifier <a href="https://www.legislation.gov.uk/uksi/2012/2140/pdfs/uksi_20122140_en.pdf">https://www.legislation.gov.uk/uksi/2012/2140/pdfs/uksi_20122140_en.pdf</a>
Public note View the regulations free of charge at www.legislation.gov.uk
856 40 - ELECTRONIC LOCATION AND ACCESS
Uniform Resource Identifier <a href="https://www.legislation.gov.uk/uksi/2012/2140/pdfs/uksiem_20122140_en.pdf">https://www.legislation.gov.uk/uksi/2012/2140/pdfs/uksiem_20122140_en.pdf</a>
Public note View the explanatory memorandum free of charge at www.legislation.gov.uk
942 ## - ADDED ENTRY ELEMENTS (KOHA)
Suppress in OPAC 0
Holdings
Withdrawn status Lost status Source of classification or shelving scheme Damaged status Not for loan Home library Current library Shelving location Date acquired Total Checkouts Full call number Barcode Date last seen Copy number Price effective from Koha item type
    Dewey Decimal Classification     Virtual Virtual Online 29/08/2012   ONLINE PUBLICATION 157099-2001 06/08/2019 1 06/08/2019 Book